000 00493nam a2200181Ia 4500
008 151018s9999 xx 000 0 und d
082 _bRBASDV7366
_a920
100 _aशिरीष पै
245 _aपप्पा
250 _b1
260 _bग पा परचुरे प्रकाशन
_c1971
300 _a132
600 _aशिरीष पै
630 _aपप्पा
700 _aशिरीष पै
730 _aपप्पा
942 _cBOOK
999 _c1009735
_d1009732